[Event "PRO League Group Stage"]
[Site "chess.com INT"]
[Date "2019.02.07"]
[Round "5"]
[White "Holm, Kristian Stuvik"]
[Black "Blohberger, Felix"]
[Result "1-0"]
[WhiteTitle "IM"]
[BlackTitle "IM"]
[WhiteElo "2468"]
[BlackElo "2450"]
[WhiteTeam "Norway Gnomes"]
[BlackTeam "Berlin Bears"]
[WhiteFideId "1508083"]
[BlackFideId "1632051"]
[EventDate "2019.01.08"]

1. d4 Nf6 2. c4 e6 3. Nf3 Bb4+ 4. Bd2 a5 5. g3 b6 6. Bg2 Bb7 7. O-O Bxd2 8. Qxd2
O-O 9. Nc3 Ne4 10. Nxe4 Bxe4 11. Qe3 Bb7 12. Qd3 g6 13. e4 d6 14. Rfe1 Nd7 15.
h4 e5 16. d5 Bc8 17. Qe3 Nc5 18. h5 Bg4 19. Qh6 Bxf3 20. Bxf3 Qf6 21. Kg2 Qg7
22. Qxg7+ Kxg7 23. hxg6 hxg6 24. Re3 f5 25. exf5 gxf5 26. Be2 Rf6 27. Rh1 Rg6
28. Kf1 Rf8 29. Rh4 Rh6 30. Rxh6 Kxh6 31. f4 e4 32. Kg2 Kg6 33. b3 Kf6 34. Rc3
Rc8 35. a3 Na6 36. Rc1 Nc5 37. Rc3 Rh8 38. b4 axb4 39. axb4 Na6 40. Rb3 Nb8 41.
Ra3 Nd7 42. Ra7 Rc8 43. Kf2 Ke7 44. g4 Nf6 45. gxf5 Kd7 46. Ra1 Rh8 47. Rg1 Rh2+
48. Ke3 Rh3+ 49. Kd4 Rb3 50. Rg7+ Kd8 51. Rg6 Ke7 52. Rg7+ Kd8 53. Rf7 Nd7 54.
f6 Rxb4 55. Bg4 Nxf6 56. Rxf6 b5 57. Kxe4 Rxc4+ 58. Kf5 Kc8 59. Kg5+ Kb7 60. f5
b4 61. Re6 b3 62. Re1 b2 63. Rb1 Rb4 64. f6 1-0

[Event "PRO League Group Stage"]
[Site "chess.com INT"]
[Date "2019.02.07"]
[Round "5"]
[White "Hansen, Torbjorn Ringdal"]
[Black "Lagunow, Raphael"]
[Result "1-0"]
[WhiteTitle "GM"]
[BlackTitle "FM"]
[WhiteElo "2419"]
[BlackElo "2413"]
[WhiteTeam "Norway Gnomes"]
[BlackTeam "Berlin Bears"]
[WhiteFideId "1501720"]
[BlackFideId "24652644"]
[EventDate "2019.01.08"]

1. e4 c5 2. Nf3 Nc6 3. Nc3 g6 4. Bb5 Nd4 5. O-O Bg7 6. Re1 Nxb5 7. Nxb5 Nf6 8.
e5 Nd5 9. d4 cxd4 10. Qxd4 Nc7 11. Nd6+ Kf8 12. Ne4 Ne6 13. Qb4 h6 14. Be3 b6
15. Rad1 Bb7 16. Nf6 d6 17. Nd5 Bxd5 18. Rxd5 Nc7 19. Rdd1 d5 20. c4 Kg8 21. e6
Nxe6 22. cxd5 Nf8 23. Bd4 Bxd4 24. Nxd4 Qxd5 25. Qxe7 Qg5 26. Qb7 Rd8 27. Nf3
Rxd1 28. Rxd1 Qf6 29. b3 a5 30. h3 Kg7 31. Rc1 Ne6 32. Qxb6 Ra8 33. Rd1 Qb2 34.
a4 Qc2 35. Re1 Rc8 36. Qxa5 Qxb3 37. Qe5+ Kg8 38. Qf6 Rf8 39. a5 Qa4 40. Ra1 Qf4
41. Qxf4 Nxf4 42. a6 Ra8 43. a7 Ne2+ 44. Kf1 Nc3 45. Ne5 Nb5 46. Nc6 Kf8 47. Ra5
Nc7 48. Ra1 Ke8 49. Ke2 Kd7 50. Ne5+ Ke6 51. f4 Nb5 52. Ra5 Nc7 53. Kf3 g5 54.
g3 gxf4 55. gxf4 f6 56. Nc4 Rd8 57. Nb6 Na8 58. Nxa8 Rxa8 59. f5+ Kd6 60. Kg4
Ke7 61. Kh5 Kf7 62. Ra1 Kg7 63. Kg4 Kf7 64. Kf4 Ke7 65. Ke4 Kd6 66. Kd4 Kc6 67.
Kc4 Kb6 68. Kd5 1-0

[Event "PRO League Group Stage"]
[Site "chess.com INT"]
[Date "2019.02.07"]
[Round "5"]
[White "Van Foreest, Jorden"]
[Black "Forcen Esteban, Daniel"]
[Result "0-1"]
[WhiteTitle "GM"]
[BlackTitle "GM"]
[WhiteElo "2612"]
[BlackElo "2567"]
[WhiteTeam "Amsterdam Mosquitoes"]
[BlackTeam "Barcelona Raptors"]
[WhiteFideId "1039784"]
[BlackFideId "2288230"]
[EventDate "2019.01.08"]

1. e4 e5 2. Nf3 Nc6 3. Bc4 Nf6 4. d3 h6 5. c3 d6 6. O-O g5 7. Nbd2 g4 8. Ne1 Qe7
9. b4 Bd7 10. Nc2 h5 11. Ne3 Bh6 12. Nb3 h4 13. a4 Nd8 14. b5 Bxe3 15. fxe3 Ne6
16. Ra2 Ng5 17. d4 h3 18. dxe5 Qxe5 19. Qd4 Nfxe4 20. Qxe5+ dxe5 21. Bd5 hxg2
22. Rxg2 Nf3+ 23. Rxf3 gxf3 24. Rg7 f2+ 25. Kf1 Bh3+ 0-1

[Event "PRO League Group Stage"]
[Site "chess.com INT"]
[Date "2019.02.07"]
[Round "5"]
[White "Klein, David"]
[Black "Diaz Camallonga, Carles"]
[Result "1-0"]
[WhiteTitle "GM"]
[BlackTitle "IM"]
[WhiteElo "2492"]
[BlackElo "2432"]
[WhiteTeam "Amsterdam Mosquitoes"]
[BlackTeam "Barcelona Raptors"]
[WhiteFideId "1003623"]
[BlackFideId "22235256"]
[EventDate "2019.01.08"]

1. c4 e6 2. b3 Nf6 3. Bb2 Be7 4. Nf3 O-O 5. e3 b6 6. Be2 Bb7 7. Qc2 c5 8. a3 Nc6
9. Ng5 h6 10. h4 e5 11. Nc3 g6 12. Nge4 Nxe4 13. Nxe4 d6 14. h5 g5 15. Ng3 Bf6
16. Bf3 Qd7 17. Qf5 Qxf5 18. Nxf5 Rad8 19. Nxh6+ Kh7 20. Nf5 Na5 21. Bxb7 Nxb7
22. e4 Na5 23. Rh3 Nc6 24. Bc3 g4 25. Rg3 Rg8 26. Ke2 Rg5 27. Rh1 Nd4+ 28. Bxd4
exd4 29. f4 gxf3+ 30. Kxf3 Rxg3+ 31. Kxg3 Rb8 32. a4 a6 33. Kh3 Be5 34. Rf1 b5
35. axb5 axb5 36. Ne7 Kg7 37. Rf3 bxc4 38. bxc4 Rb2 39. d3 Rd2 40. g3 f6 41. Kg4
Rh2 42. Nd5 Kf7 43. Nf4 Rh1 44. Ng6 Kg7 45. Nh4 Rh2 46. Kf5 Kf7 47. h6 Rh1 48.
Kg4 Rd1 49. Kh5 Rd2 50. g4 Kg8 51. g5 fxg5 52. Kg6 Bf4 53. Nf5 Rh2 54. Rf1 Kf8
55. h7 Ke8 56. Ng7+ Ke7 57. Rxf4 gxf4 58. Nh5 Rg2+ 59. Kh6 f3 60. h8=Q f2 61.
Qf6+ Kd7 62. Qf7+ Kc6 63. Qf3 Rh2 64. e5+ Kd7 65. Qf7+ Kc6 66. e6 1-0

[Event "PRO League Group Stage"]
[Site "chess.com INT"]
[Date "2019.02.07"]
[Round "5"]
[White "Alvarado Diaz, Alejandro"]
[Black "Admiraal, Miguoel"]
[Result "0-1"]
[WhiteTitle "IM"]
[BlackTitle "IM"]
[WhiteElo "2388"]
[BlackElo "2478"]
[WhiteTeam "Barcelona Raptors"]
[BlackTeam "Amsterdam Mosquitoes"]
[WhiteFideId "2276119"]
[BlackFideId "1019716"]
[EventDate "2019.01.08"]

1. g3 h5 2. Nf3 d5 3. c4 d4 4. b4 h4 5. Nxh4 e5 6. Bg2 g5 7. Nf3 e4 8. Ng1 f5 9.
Qb3 a5 10. b5 Nd7 11. Ba3 Ngf6 12. d3 Nc5 13. Qc2 Kf7 14. f3 e3 15. Nh3 Rxh3 16.
Bxh3 f4 17. Bxc8 Qxc8 18. g4 Nxg4 19. fxg4 Qxg4 20. Nd2 exd2+ 21. Qxd2 Re8 22.
O-O-O Nb3+ 23. axb3 Bxa3+ 24. Kb1 Bb4 25. h3 Qg2 26. Qb2 Bc3 27. Rhg1 Qxg1 28.
Rxg1 Bxb2 29. Kxb2 Rxe2+ 30. Ka3 Kf6 31. b4 axb4+ 32. Kxb4 f3 33. c5 f2 34. Rf1
Ke5 35. Kc4 Kf4 36. Kxd4 Kg3 37. Kd5 Kxh3 38. c6 bxc6+ 39. Kxc6 Rc2+ 40. Kd7 g4 0-1

[Event "PRO League Group Stage"]
[Site "chess.com INT"]
[Date "2019.02.07"]
[Round "5"]
[White "Herrera Reyes, Jose Antonio"]
[Black "Van der Lende, Ilias"]
[Result "1-0"]
[WhiteTitle "FM"]
[BlackTitle "FM"]
[WhiteElo "2324"]
[BlackElo "2334"]
[WhiteTeam "Barcelona Raptors"]
[BlackTeam "Amsterdam Mosquitoes"]
[WhiteFideId "2274914"]
[BlackFideId "1019260"]
[EventDate "2019.01.08"]

1. Nf3 c5 2. g3 g6 3. Bg2 Bg7 4. d3 Nc6 5. c3 d5 6. a3 e6 7. b4 b6 8. O-O Nge7
9. bxc5 bxc5 10. Be3 Qa5 11. Nfd2 Nf5 12. Bf4 O-O 13. e4 Nfe7 14. Bd6 Qb5 15.
Nb3 c4 16. dxc4 dxc4 17. Nd4 Nxd4 18. Bxe7 Re8 19. cxd4 Rxe7 20. Nc3 Qb2 21. e5
Bb7 22. Na4 Qb3 23. Nc5 Qxd1 24. Rfxd1 Bxg2 25. Kxg2 Rc7 26. Rac1 Bxe5 27. Na6
Bd6 28. Nxc7 Bxc7 29. Rxc4 Bb6 30. Rdc1 Kg7 31. Rc8 Rxc8 32. Rxc8 Bxd4 33. a4 h5
34. a5 e5 35. f4 exf4 36. gxf4 Kf6 37. Kf3 Bg1 38. h3 Kf5 39. Rc1 Bd4 40. Rd1
Bc3 41. Rd7 f6 42. Rxa7 g5 43. fxg5 fxg5 44. a6 g4+ 45. hxg4+ hxg4+ 46. Kg2 Ke6
47. Rc7 Bd4 48. a7 1-0

[Event "PRO League Group Stage"]
[Site "chess.com INT"]
[Date "2019.02.07"]
[Round "5"]
[White "Meier, Georg"]
[Black "Borisek, Jure"]
[Result "1/2-1/2"]
[WhiteTitle "GM"]
[BlackTitle "GM"]
[WhiteElo "2623"]
[BlackElo "2584"]
[WhiteTeam "Baden-Baden Snowballs"]
[BlackTeam "Ljubljana Turtles"]
[WhiteFideId "4675789"]
[BlackFideId "14603152"]
[EventDate "2019.01.08"]

1. Nf3 Nf6 2. g3 g6 3. Bg2 Bg7 4. d4 d5 5. c4 c6 6. cxd5 cxd5 7. Nc3 Ne4 8. Qa4+
Nc6 9. Ne5 Nxc3 10. bxc3 O-O 11. Nxc6 bxc6 12. O-O Qb6 13. Ba3 Qa6 14. Qxa6 Bxa6
15. Rfe1 Rfe8 16. Bf1 e6 17. Reb1 Bf8 18. Bxf8 Kxf8 19. e3 Bxf1 20. Kxf1 Reb8
21. Ke2 Rb6 22. Rb3 Rab8 23. Rab1 Ke7 24. Kd3 Kd6 25. c4 c5 26. cxd5 Kxd5 27.
e4+ Kd6 28. f4 f6 29. dxc5+ Kxc5 30. Rc1+ Kd6 31. Ra3 R8b7 32. Rc4 Rb2 33. Ra6+
R7b6 34. Rd4+ Kc6 35. Rxa7 Rxh2 36. e5 fxe5 37. fxe5 Rbb2 38. Rd6+ Kc5 39. Rc7+
Kb5 40. Rb7+ Kc5 41. Rc7+ Kb5 42. Rxe6 Rxa2 43. Re8 Kb6 44. Rc3 Rhe2 45. Kd4
Rad2+ 46. Rd3 Kc7 47. Re7+ Kd8 48. Rxh7 Rxd3+ 49. Kxd3 Rxe5 1/2-1/2

[Event "PRO League Group Stage"]
[Site "chess.com INT"]
[Date "2019.02.07"]
[Round "5"]
[White "Donchenko, Alexander"]
[Black "Sebenik, Matej"]
[Result "1/2-1/2"]
[WhiteTitle "GM"]
[BlackTitle "GM"]
[WhiteElo "2604"]
[BlackElo "2540"]
[WhiteTeam "Baden-Baden Snowballs"]
[BlackTeam "Ljubljana Turtles"]
[WhiteFideId "24603295"]
[BlackFideId "14602296"]
[EventDate "2019.01.08"]

1. Nf3 d5 2. g3 Bg4 3. Bg2 c6 4. h3 Bh5 5. O-O Nd7 6. d4 e6 7. c4 Bd6 8. Qb3 Rb8
9. Nc3 Ngf6 10. cxd5 exd5 11. Nh4 Bg6 12. Bd2 Qb6 13. Nxg6 hxg6 14. Qc2 Nf8 15.
e4 dxe4 16. Nxe4 Nxe4 17. Qxe4+ Ne6 18. Be3 Qb5 19. a4 Qf5 20. d5 Qxe4 21. Bxe4
cxd5 22. Bxd5 b6 23. Kg2 Bc5 24. Rfe1 O-O 25. Rac1 Bxe3 26. Rxe3 Rbd8 27. Bxe6
fxe6 28. Re2 Rd6 29. Rc7 Rf7 30. Rc8+ Rf8 31. Rc4 Rf5 32. Rec2 Rfd5 33. b4 Rd4
34. b5 Rxc4 35. Rxc4 Rd7 36. Kf3 Kf7 37. Ke3 g5 38. Rc8 Kf6 39. f3 Ke5 40. Rc4
Kf5 41. Rc6 Ke5 42. Rc8 Kf5 43. Rf8+ Ke5 44. f4+ gxf4+ 45. gxf4+ Kd6 46. Rc8 Ke7
47. Ke4 Kf6 48. h4 Kf7 49. Rc6 Ke7 50. Rc8 Kf7 51. h5 Ke7 52. f5 Kf6 53. Rc6 Re7
54. fxe6 Rxe6+ 55. Kd5 Rxc6 56. Kxc6 Kg5 57. Kb7 Kxh5 58. Kxa7 g5 59. a5 g4 60.
axb6 g3 61. b7 g2 62. b8=Q g1=Q+ 63. b6 Qa1+ 64. Kb7 Qh1+ 65. Kc8 Qh3+ 66. Kd8
Qd3+ 67. Kc7 Qg3+ 68. Kb7 Qf3+ 69. Ka6 Qd3+ 70. Ka5 Qa3+ 71. Kb5 Qb3+ 72. Kc5
Qc3+ 73. Kd5 Qf3+ 74. Ke6 Qg4+ 75. Ke7 Qg7+ 76. Kd8 Qf6+ 77. Kc7 Qe5+ 78. Kc8
Qe6+ 79. Kd8 Qf6+ 80. Kc7 Qe5+ 81. Kb7 Qe4+ 82. Ka7 Qa4+ 83. Kb7 Qe4+ 84. Kc7
Qe5+ 85. Kc8 Qe6+ 86. Kd8 Qf6+ 87. Kd7 Qf5+ 88. Kc6 Qe4+ 89. Kc5 Qe3+ 90. Kc4
Qe4+ 91. Kb3 Qd3+ 92. Kb4 Qd4+ 93. Kb5 Qd3+ 94. Kc5 Qe3+ 95. Kd5 Qf3+ 96. Ke6
Qg4+ 97. Kd5 Qf3+ 98. Kc5 Qe3+ 99. Kc6 Qe4+ 100. Kb5 Qd3+ 101. Kc6 Qe4+ 102. Kc7
Qe5+ 103. Kc8 Qe6+ 104. Kb7 Qd5+ 105. Ka7 Qa2+ 106. Kb7 Qd5+ 107. Ka6 Qc4+ 108.
Kb7 Qd5+ 109. Kc7 Qe5+ 1/2-1/2

[Event "PRO League Group Stage"]
[Site "chess.com INT"]
[Date "2019.02.07"]
[Round "5"]
[White "Markoja, Boris"]
[Black "Kollars, Dmitrij"]
[Result "1/2-1/2"]
[WhiteTitle "IM"]
[BlackTitle "GM"]
[WhiteElo "2442"]
[BlackElo "2562"]
[WhiteTeam "Ljubljana Turtles"]
[BlackTeam "Baden-Baden Snowballs"]
[WhiteFideId "14608502"]
[BlackFideId "12909572"]
[EventDate "2019.01.08"]

1. d4 Nf6 2. c4 e6 3. g3 d5 4. Nf3 dxc4 5. Bg2 Bb4+ 6. Bd2 a5 7. Qc2 Nc6 8. Qxc4
Qd5 9. Qd3 Qf5 10. Qxf5 exf5 11. O-O Be6 12. Nc3 a4 13. Rfc1 O-O 14. Nb5 Bd6 15.
Bf4 Bxf4 16. gxf4 Nd5 17. e3 Ra5 18. Na3 f6 19. Ne1 Ndb4 20. Nc4 Rb5 21. a3 Na6
22. Rc3 Ne7 23. Nd3 Rd8 24. b4 Bd5 25. Bf1 Bxc4 26. Rxc4 Rb6 27. Nb2 Rbd6 28. b5
Nb8 29. Rxc7 R6d7 30. Rac1 Nd5 31. Rxd7 Nxd7 32. Nxa4 Kf8 33. Bg2 Ra8 34. Bxd5
Rxa4 35. Bxb7 Rxa3 36. Rc7 Nb6 37. Bc6 Rb3 38. Kg2 Rb2 39. Kg3 Nc4 40. Bd5 Nd6
41. Rd7 Nxb5 42. Rf7+ Ke8 43. Rxg7 Nc3 44. Bf3 h6 45. Rh7 Kf8 46. Rc7 Nb1 47.
Rc5 Nd2 48. Bg2 Ne4+ 49. Bxe4 fxe4 50. f5 Rb1 51. Kg2 Rb6 52. h3 h5 53. Kg3 Rb1
54. Kh4 Rg1 55. Kxh5 Rg2 56. Rc6 Kf7 57. Re6 Rg5+ 58. Kh4 Rxf5 59. Rxe4 Rxf2 60.
d5 Rd2 61. Rd4 Re2 62. d6 Ke8 63. d7+ Kd8 64. Rd3 Rg2 65. Kh5 Rg3 66. h4 f5 67.
Rd5 Rxe3 68. Kg5 Rf3 69. h5 f4 70. h6 Rh3 71. Rd1 f3 72. Kg6 Rg3+ 73. Kf7 Rh3
74. Kg7 Rg3+ 75. Kh8 f2 76. Rf1 Rg2 77. h7 Kxd7 78. Rd1+ Ke6 79. Ra1 Kd5 80.
Ra5+ Ke4 81. Ra4+ Ke3 82. Ra3+ Kf4 83. Ra8 Ke3 84. Re8+ Kd3 85. Rd8+ Ke2 86.
Re8+ Kd3 87. Rd8+ Ke2 88. Re8+ Kd3 89. Rd8+ 1/2-1/2

[Event "PRO League Group Stage"]
[Site "chess.com INT"]
[Date "2019.02.07"]
[Round "5"]
[White "Skuhala, Jernej"]
[Black "Agrest, Inna"]
[Result "0-1"]
[WhiteTitle "FM"]
[BlackTitle "WIM"]
[WhiteElo "2277"]
[BlackElo "2275"]
[WhiteTeam "Ljubljana Turtles"]
[BlackTeam "Baden-Baden Snowballs"]
[WhiteFideId "14605651"]
[BlackFideId "1708830"]
[EventDate "2019.01.08"]

1. e4 e5 2. Nf3 Nc6 3. Bb5 a6 4. Ba4 Nf6 5. O-O Bc5 6. c3 b5 7. Bc2 d5 8. exd5
Qxd5 9. d4 exd4 10. Re1+ Kf8 11. b4 Bb6 12. Bg5 Qd6 13. a4 Rb8 14. axb5 axb5 15.
Na3 dxc3 16. Qxd6+ cxd6 17. Nxb5 Nxb4 18. Ba4 c2 19. Rf1 Ba6 20. Bd2 Nd3 21.
Nbd4 Ne4 22. Bxc2 Nxd2 23. Rxa6 Nb4 24. Rxb6 Nxf3+ 25. Nxf3 Rxb6 26. Bf5 g6 27.
Be4 d5 28. Bb1 Kg7 29. h4 Rd8 30. Rd1 Kf6 31. g4 Rc8 32. Kg2 Rc4 33. g5+ Kg7 34.
Kg3 Rb7 35. h5 gxh5 36. Re1 Rbc7 37. Bf5 Rc1 38. Re8 Nc6 39. Kg2 Ne7 40. Bd3
R1c3 41. Bb1 R3c4 42. Bd3 Rg4+ 43. Kf1 Rb7 44. Ke2 Rb2+ 45. Kf1 Rb7 46. Ke2 Ng6
47. Kd2 Rb2+ 48. Kc3 Rxf2 49. Nd4 Nh4 50. Re5 Rfg2 51. Re7 Kf8 52. Rd7 Rxg5 53.
Bxh7 Ng6 54. Bxg6 Rxg6 55. Nf5 Ke8 56. Ra7 h4 57. Ra8+ Kd7 58. Ra7+ Ke6 59. Nd4+
Ke5 60. Rxf7 R2g3+ 0-1

[Event "PRO League Group Stage"]
[Site "chess.com INT"]
[Date "2019.02.12"]
[Round "6"]
[White "Harvey, Marcus R"]
[Black "Saric, Ivan"]
[Result "1/2-1/2"]
[WhiteTitle "FM"]
[BlackTitle "GM"]
[WhiteElo "2397"]
[BlackElo "2690"]
[WhiteTeam "London Lions"]
[BlackTeam "Montreal Chessbrahs"]
[WhiteFideId "400092"]
[BlackFideId "14508150"]
[EventDate "2019.01.08"]

1. Nf3 d5 2. e3 Nf6 3. b3 Bg4 4. Bb2 e6 5. h3 Bh5 6. Be2 Nbd7 7. O-O Bd6 8. c4
c6 9. Nc3 O-O 10. d4 Qe7 11. a3 a6 12. Nd2 Bxe2 13. Qxe2 e5 14. dxe5 Nxe5 15.
cxd5 cxd5 16. Nf3 Nxf3+ 17. Qxf3 Qe5 18. g3 Qe6 19. Ne2 Ne4 20. Qg4 Qxg4 21.
hxg4 Rac8 22. Nd4 Be5 23. Rfc1 Bxd4 24. Bxd4 Nd2 25. b4 Nb3 26. Rxc8 Rxc8 27.
Rd1 f6 28. Ba7 Rc1 29. Rxc1 Nxc1 30. Kf1 Kf7 31. f4 Ke6 32. Bd4 Nb3 33. f5+ Kd6
34. Ke2 a5 35. Bc3 axb4 36. Bxb4+ Nc5 37. Kf3 h6 38. a4 Kc6 39. Ba3 b6 40. Bb4
Nd7 41. Ke2 Ne5 42. Bf8 Nxg4 43. Kd3 Nf2+ 44. Kd4 h5 45. Bxg7 Ne4 46. Kd3 Kd6
47. Bh6 Ke5 48. Bf4+ Kxf5 49. Kd4 Ke6 50. Bc7 Nc5 51. Bxb6 Nxa4 52. Bd8 f5 53.
Ba5 Nb2 54. Bc7 Nd1 55. Kd3 Nf2+ 56. Ke2 Ne4 57. Kf3 Kf6 58. Bd8+ Kg6 59. Kf4
Nd2 60. Bh4 Nc4 61. Bd8 Nd6 62. Be7 Ne4 63. Bh4 Nf6 64. Ke5 Ng4+ 65. Kd4 Kf7 66.
Kxd5 Nxe3+ 67. Ke5 Kg6 68. Bd8 Ng4+ 69. Kf4 Nf6 70. Ke5 Ne8 71. Kf4 Nd6 72. Be7
Ne4 73. Bh4 Nc3 74. Ke5 Ne2 75. Ke6 Nd4+ 76. Kd5 Nf3 77. Bd8 Kf7 78. Kc4 Ke6 79.
Kd3 Ne5+ 80. Ke3 Ng6 81. Bg5 Kd5 82. Kf3 Kd4 83. Bc1 Kd3 84. Bb2 Kc2 85. Bf6 Kd3
86. Bb2 Kc4 87. Ba1 Kd5 88. Bb2 Ke6 89. Bc3 Kd6 90. Bb4+ Kd5 91. Bc3 Kc4 92. Bb2
Kd3 93. Bf6 Kd2 94. Bb2 Ke1 95. Bf6 Kf1 96. Bd4 Ke1 97. Bf6 Kd2 98. Ba1 Kd3 99.
Bf6 Kc4 100. Bb2 Kd5 101. Ba1 Ke6 102. Bc3 Kf7 103. Ba1 Nf8 104. Kf4 Kg6 105.
Bc3 Ne6+ 106. Ke5 Nc5 107. Kf4 Nd3+ 108. Ke3 Nc5 109. Kf4 Nd7 110. Bb2 Nf6 111.
Ba1 Nd5+ 112. Kf3 Kg5 113. Be5 Ne7 114. Bb2 Ng6 115. Bc1+ Kf6 116. Bb2+ Ke6 117.
Ba1 f4 118. gxf4 Kf5 119. Be5 h4 120. Bc7 h3 121. Kg3 Nxf4 122. Bxf4 h2 123.
Kxh2 1/2-1/2

[Event "PRO League Group Stage"]
[Site "chess.com INT"]
[Date "2019.02.12"]
[Round "6"]
[White "Williams, Simon K"]
[Black "Hansen, Eric"]
[Result "0-1"]
[WhiteTitle "GM"]
[BlackTitle "GM"]
[WhiteElo "2477"]
[BlackElo "2615"]
[WhiteTeam "London Lions"]
[BlackTeam "Montreal Chessbrahs"]
[WhiteFideId "404454"]
[BlackFideId "2606771"]
[EventDate "2019.01.08"]

1. f4 Nf6 2. Nf3 g6 3. d3 d5 4. e3 Bg7 5. g3 O-O 6. Bg2 c5 7. O-O Nc6 8. Qe1 Re8
9. e4 dxe4 10. dxe4 e5 11. f5 gxf5 12. Nh4 Nd4 13. Na3 fxe4 14. c3 Nf3+ 15. Bxf3
exf3 16. Rxf3 Bg4 17. Rf2 Qd5 18. Nf5 Bxf5 19. Rxf5 Qe6 20. Qf1 Ne4 21. Nc4 Rad8
22. Bg5 f6 23. Bh4 Nd2 24. Nxd2 Rxd2 25. Rf2 Red8 26. Re1 Rxf2 27. Qxf2 b6 28.
b3 Rd3 29. c4 Qd6 30. Qf5 Rd2 31. Qc8+ Kf7 32. Qb7+ Kg6 33. g4 Qd4+ 34. Kh1 Bh6
35. Qc6 Qd6 36. Qe8+ Kg7 37. Rf1 Bf4 38. g5 Rxh2+ 39. Kg1 Rxh4 0-1

[Event "PRO League Group Stage"]
[Site "chess.com INT"]
[Date "2019.02.12"]
[Round "6"]
[White "Noritsyn, Nikolay"]
[Black "Tan, Justin2"]
[Result "0-1"]
[WhiteTitle "IM"]
[BlackTitle "GM"]
[WhiteElo "2484"]
[BlackElo "2502"]
[WhiteTeam "Montreal Chessbrahs"]
[BlackTeam "London Lions"]
[WhiteFideId "2604922"]
[BlackFideId "3206882"]
[EventDate "2019.01.08"]

1. e4 e5 2. Nf3 Nc6 3. d4 exd4 4. Nxd4 Bc5 5. Nb3 Bb6 6. Nc3 Nf6 7. Qf3 O-O 8.
Bg5 Ne5 9. Qe2 h6 10. Bh4 Ng6 11. Bg3 Re8 12. O-O-O d6 13. f3 Be6 14. Kb1 a5 15.
Nd4 Bd7 16. Qd2 a4 17. Be1 a3 18. b3 Ba5 19. Qf2 c6 20. g4 d5 21. h4 dxe4 22. g5
Bxc3 23. Bxc3 Nd5 24. Ba1 e3 25. Qe1 h5 26. Bc4 Ngf4 27. g6 Nxg6 28. Bxd5 cxd5
29. Rg1 Qc7 30. Rg5 Rac8 31. Rxh5 e2 32. Rc1 Qf4 33. Rxd5 Bh3 34. h5 Ne7 35. Rb5
Nf5 36. Nxe2 Qh2 37. Qa5 Qxe2 38. Rxf5 Rxc2 39. Rc5 Rb2+ 0-1

[Event "PRO League Group Stage"]
[Site "chess.com INT"]
[Date "2019.02.12"]
[Round "6"]
[White "Tomb, Maroun"]
[Black "Edouard, Romain"]
[Result "0-1"]
[WhiteTitle "CM"]
[BlackTitle "GM"]
[WhiteElo "2180"]
[BlackElo "2643"]
[WhiteTeam "Montreal Chessbrahs"]
[BlackTeam "London Lions"]
[WhiteFideId "5300398"]
[BlackFideId "633429"]
[EventDate "2019.01.08"]

1. e4 c5 2. Ne2 d6 3. g3 g6 4. Bg2 Bg7 5. d4 cxd4 6. Nxd4 Nc6 7. Ne2 Nf6 8. Nbc3
O-O 9. O-O Nd7 10. a4 Rb8 11. h3 a6 12. Nd5 b5 13. axb5 axb5 14. c3 e6 15. Ne3
Nc5 16. Nd4 Qc7 17. Nxc6 Qxc6 18. e5 d5 19. f4 Ba6 20. Nc2 b4 21. Nxb4 Rxb4 22.
cxb4 Bxf1 23. Qxf1 Nb3 24. Rb1 Qb6+ 25. Kh2 Rc8 26. Qd1 Qf2 27. Qxb3 Rc2 28.
Qxc2 Qxc2 29. Ra1 Bf8 30. Be3 Bxb4 31. f5 gxf5 32. Ra8+ Kg7 33. Bg5 f4 34. Bf6+
Kh6 35. Rg8 fxg3+ 36. Kxg3 Be1+ 37. Kh2 Qf2 38. Rg4 Bd2 39. h4 Bf4+ 40. Kh1 Qe1+
41. Bf1 Qxf1+ 42. Rg1 Qh3# 0-1

[Event "PRO League Group Stage"]
[Site "chess.com INT"]
[Date "2019.02.12"]
[Round "6"]
[White "Bloomer, Josh"]
[Black "Sevian, Samuel"]
[Result "0-1"]
[BlackTitle "GM"]
[WhiteElo "1950"]
[BlackElo "2647"]
[WhiteTeam "Saint Louis Arch Bishops"]
[BlackTeam "Montclair Sopranos"]
[WhiteFideId "2020416"]
[BlackFideId "2040506"]
[EventDate "2019.01.08"]

1. e4 c5 2. Nf3 e6 3. d4 cxd4 4. Nxd4 a6 5. Nc3 Qc7 6. Be2 b5 7. O-O Bb7 8. Be3
Nf6 9. f4 b4 10. e5 bxc3 11. exf6 gxf6 12. Rb1 cxb2 13. Rxb2 Nc6 14. Bf3 Rc8 15.
f5 Bc5 16. fxe6 dxe6 17. c3 Ba8 18. Rbf2 Bxd4 19. cxd4 Rg8 20. Be4 f5 21. Qh5
Ne7 22. Bxa8 Rxa8 23. Bf4 Qd7 24. Be5 Ng6 25. Qxh7 Ke7 26. Qh5 Nxe5 27. dxe5 Qd4
28. Rd1 Qa7 29. Qh4+ Ke8 30. Qa4+ Kf8 31. Qb4+ Qe7 32. Rd6 Rc8 33. Qd2 Rg6 34.
Rf3 Kg7 35. h3 Rc4 36. Qf2 Re4 37. Rxa6 Qb4 38. Raa3 Re1+ 39. Kh2 Qb1 0-1

[Event "PRO League Group Stage"]
[Site "chess.com INT"]
[Date "2019.02.12"]
[Round "6"]
[White "Checa, Nicolas"]
[Black "So, Wesley"]
[Result "0-1"]
[WhiteTitle "IM"]
[BlackTitle "GM"]
[WhiteElo "2508"]
[BlackElo "2765"]
[WhiteTeam "Montclair Sopranos"]
[BlackTeam "Saint Louis Arch Bishops"]
[WhiteFideId "2069342"]
[BlackFideId "5202213"]
[EventDate "2019.01.08"]

1. d4 Nf6 2. c4 e6 3. Nf3 d5 4. Nc3 c6 5. Bg5 h6 6. Bxf6 Qxf6 7. e3 g6 8. Be2
Bg7 9. O-O O-O 10. cxd5 cxd5 11. Ne5 Qe7 12. Rc1 Nd7 13. Nd3 b6 14. Qb3 Bb7 15.
Nb5 a6 16. Nc3 Rfc8 17. Na4 Qd8 18. h3 Bf8 19. f4 Rc4 20. Ne5 Nxe5 21. fxe5 b5
22. Nc3 Qg5 23. Bxc4 Qxe3+ 24. Kh1 dxc4 25. Nd5 Qxc1 26. Qf3 Qxf1+ 27. Qxf1 Bxd5 0-1

[Event "PRO League Group Stage"]
[Site "chess.com INT"]
[Date "2019.02.12"]
[Round "6"]
[White "Rohde, Michael"]
[Black "Caruana, Fabiano"]
[Result "0-1"]
[WhiteTitle "GM"]
[BlackTitle "GM"]
[WhiteElo "2358"]
[BlackElo "2828"]
[WhiteTeam "Montclair Sopranos"]
[BlackTeam "Saint Louis Arch Bishops"]
[WhiteFideId "2000172"]
[BlackFideId "2020009"]
[EventDate "2019.01.08"]

1. Nf3 d5 2. g3 Bg4 3. Bg2 Nd7 4. h3 Bh5 5. Nc3 e6 6. d3 c6 7. e4 Bd6 8. O-O Ne7
9. Qe1 O-O 10. a3 Qc7 11. Nh4 f6 12. f4 Rae8 13. Bd2 Bf7 14. Kh2 a6 15. Rd1 b5
16. d4 e5 17. dxe5 fxe5 18. f5 Nf6 19. Bg5 d4 20. Ne2 c5 21. g4 Nc6 22. Ng3 Be7
23. Nf3 h6 24. Bc1 c4 25. g5 hxg5 26. Nxg5 b4 27. Rg1 c3 28. Ne6 Bxe6 29. fxe6
cxb2 30. Bxb2 bxa3 31. Ba1 Nd8 32. Nf5 Nxe6 33. Qg3 Nh5 34. Qg4 Nhf4 35. Rd2 g6
36. Bf1 Bg5 37. h4 Qh7 38. Bc4 Kh8 39. Rh1 gxf5 40. exf5 Rxf5 41. Kg1 Bh6 42.
Rg2 Nxg2 0-1

[Event "PRO League Group Stage"]
[Site "chess.com INT"]
[Date "2019.02.12"]
[Round "6"]
[White "Edouard, Romain"]
[Black "Noritsyn, Nikolay"]
[Result "1-0"]
[WhiteTitle "GM"]
[BlackTitle "IM"]
[WhiteElo "2643"]
[BlackElo "2484"]
[WhiteTeam "London Lions"]
[BlackTeam "Montreal Chessbrahs"]
[WhiteFideId "633429"]
[BlackFideId "2604922"]
[EventDate "2019.01.08"]

1. d4 f5 2. Bg5 g6 3. Nc3 Bg7 4. h4 h6 5. Bf4 Nf6 6. e3 d6 7. Bc4 Nc6 8. Qf3 e6
9. O-O-O Bd7 10. Qg3 Ne7 11. Nf3 a6 12. h5 b5 13. Bb3 b4 14. Ne2 Ne4 15. Qh2 g5
16. Bg3 Nd5 17. Nd2 O-O 18. Nxe4 fxe4 19. Qh3 Qe7 20. Bh2 a5 21. Bxd5 exd5 22.
Qg3 a4 23. Kb1 Bb5 24. Nc1 Qf7 25. Bg1 Rad8 26. Rh3 c5 27. f4 g4 28. Rh4 Bd7 29.
Rxg4 Bxg4 30. Qxg4 Kh8 31. g3 cxd4 32. exd4 Rc8 33. Qe2 Rc4 34. Be3 Rfc8 35. Rd2
a3 36. b3 Rc3 37. g4 Qf6 38. g5 Qf5 39. gxh6 Bxh6 40. Qf2 Qg4 41. Ne2 R3c7 42.
f5 Bf8 43. Nf4 Kg8 44. Nxd5 Rf7 45. f6 1-0